Szczegóły MARC21

Rozstrìlâne vìdrodžennâ : antologìâ 1917-1933 : poezìâ, proza, drama, esej /

003 -Nazwa inst., której nr kontr. jest w polu 001 [,]
    • @
    • Nazwa instytucji, której n kontrolny jest w polu 001
    • NUKAT
005 -DATA I CZAS OSTATNIEJ MODYFIKACJI [,]
    • @
    • pole kontrolne
    • 20241231094057.0
020 -Międzynarod. znormalizowany nr książki - ISBN [ , ]
    • a
    • Numer ISBN
    • 9789668499791 Find
040 -Instytucja sporządzająca opis [ , ]
    • a
    • Instytucja, która sporządziła opis (NP)
    • KR U/21MgM
    • c
    • Instytucja, która sporządziła rekord (NP)
    • KR U/21MgM
942 -Rodzaj dokumentu [ , ]
    • c
    • Rodzaj dokumentu
    • Książka
245 -Strefa tytułu i oznaczenia odpowiedzialności [0,0]
    • a
    • Tytuł
    • Rozstrìlâne vìdrodžennâ : Find
    • b
    • Ciąg dalszy tytułu (NP)
    • antologìâ 1917-1933 : poezìâ, proza, drama, esej / Find
    • c
    • Pozostałe elementy strefy tytułu i oznaczenia odpowiedzialności (NP)
    • [upor., peredm., pìslâmova Û. Lavrìnenka].
250 -Strefa wydania [ , ]
    • a
    • Oznaczenie wydania (NP)
    • 5 vid.
260 -Strefa adresu wydawniczego [ , ]
    • a
    • Miejsce wydania (P)
    • Kiïv :
    • b
    • Nazwa wydawcy (P)
    • "Smoloskip",
    • c
    • Data wydania (P)
    • 2007.
300 -Strefa opisu fizycznego [ , ]
    • a
    • Określenie formy książki i/lub objętość (NP)
    • 972, [4] s. :
    • b
    • Oznaczenie ilustracji (NP)
    • il. ;
    • c
    • Format (NP)
    • 21 cm.
336 -Typ zawartości [ , ]
    • a
    • Termin opisujący typ zawartości
    • Tekst
    • b
    • Kod określający zawartość
    • txt
    • 2
    • Źródło (terminu i kodu)
    • rdacontent
337 -Typ mediów [ , ]
    • a
    • Tryb odtwarzania
    • Bez urządzenia pośredniczącego
    • b
    • Kod typu mediów
    • n
    • 2
    • Źródło (terminu i kodu)
    • rdamedia
338 -Typ/rodzaj nośnika [ , ]
    • a
    • Hasło opisujące typ nośnika
    • Wolumin
    • b
    • Kod typu nośnika
    • nc
    • 2
    • Źródło (terminu i kodu)
    • rdacarrier
080 -Uniwersalna Klasyfikacja Dziesiętna [ , ]
    • 2
    • Identyfikator wydania tablic
    • UDC-P058
    • a
    • Symbol klasyfikacji
    • 821.161.2-1
    • b
    • Dopowiedzenie
    • Literatura ukraińska. - Poezja. Dramat poetycki.
    • x
    • Poddział wspólny
    • =161.2
    • b
    • Dopowiedzenie
    • =Język ukraiński.
080 -Uniwersalna Klasyfikacja Dziesiętna [ , ]
    • 2
    • Identyfikator wydania tablic
    • UDC-P058
    • a
    • Symbol klasyfikacji
    • 821.161.2-2
    • b
    • Dopowiedzenie
    • Literatura ukraińska. - Utwory dramatyczne. Scenariusze filmowe.
    • x
    • Poddział wspólny
    • =161.2
    • b
    • Dopowiedzenie
    • =Język ukraiński.
080 -Uniwersalna Klasyfikacja Dziesiętna [ , ]
    • 2
    • Identyfikator wydania tablic
    • UDC-P058
    • a
    • Symbol klasyfikacji
    • 821.161.2-3
    • b
    • Dopowiedzenie
    • Literatura ukraińska. - Powieści, nowele, opowiadania.
    • x
    • Poddział wspólny
    • =161.2
    • b
    • Dopowiedzenie
    • =Język ukraiński.
080 -Uniwersalna Klasyfikacja Dziesiętna [ , ]
    • 2
    • Identyfikator wydania tablic
    • UDC-P058
    • a
    • Symbol klasyfikacji
    • 821.161.2-4
    • b
    • Dopowiedzenie
    • Literatura ukraińska. - Szkice, eseje.
    • x
    • Poddział wspólny
    • =161.2
    • b
    • Dopowiedzenie
    • =Język ukraiński.
980 -Symbol UKD [ , ]
    • a
    • UKD
    • 821.161.2-1+821.161.2-2+821.161.2-3+821.161.2-4]=161.2
700 -Hasło dodatkowe - nazwa osobowa [1, ]
    • a
    • Nazwa osobowa (NP)
    • Lavrìnenko, Ûrìj Find
    • d
    • Daty biograficzne (NP)
    • (1905-1987).
    • e
    • Określenie rodzaju współpracy
    • Oprac.
    • 9
    • KHW
    • 242149
920 -ISBN [ , ]
    • a
    • ISBN
    • 978-966-8499-79-1 Find
Sygnatura Lokalizacja Data inwentaryzacji Status udost. Numer inwentarzowy
UKR. Antologie 01BM2008-07-141P.21234